logo

Bir Sreshtho Munshi Abdur Rouf Library
Jhenaidah Cadet College

A short history of English literature / (Record no. 9478)

MARC details
000 -LEADER
fixed length control field 00665cam a2200241 a 4500
003 - CONTROL NUMBER IDENTIFIER
JCCL marc code BD-JhCC
005 - DATE AND TIME OF LATEST TRANSACTION
control field 20180315095552.0
008 - FIXED-LENGTH DATA ELEMENTS--GENERAL INFORMATION
fixed length control field 890214s1966 enk 000 0 eng d
035 ## - SYSTEM CONTROL NUMBER
system control number (BD-JhCC)8763
035 ## - SYSTEM CONTROL NUMBER
system control number 2234698
040 ## - CATALOGING SOURCE
Original cataloging agency ANL
Transcribing agency ANL
Modifying agency BD-JhCC
041 ## - LANGUAGE CODE
Language code of Book eng
082 04 - DEWEY DECIMAL CLASSIFICATION NUMBER
Classification number 820.9
Author mark and Year SAI 1943
100 1# - MAIN ENTRY--PERSONAL NAME
Personal name Saintsbury, George
245 12 - TITLE STATEMENT
Title A short history of English literature /
Statement of responsibility, etc George Saintsbury,
260 ## - PUBLICATION, DISTRIBUTION, ETC. (IMPRINT)
Place of publication, distribution, etc Macmillan :
Name of publisher, distributor, etc ST Martin's Press,
Date of publication, distribution, etc 1966
300 ## - PHYSICAL DESCRIPTION
Pagination 817 p. :
Dimensions 19 cm.
490 0# - SERIES STATEMENT
Series statement Pelican Books
504 ## - BIBLIOGRAPHY, ETC. NOTE
Bibliography, etc Includes index.
650 #0 - SUBJECT ADDED ENTRY--TOPICAL TERM
Topical term or geographic name as entry element English literature
General subdivision History and criticism.
942 ## - ADDED ENTRY ELEMENTS (KOHA)
Source of classification or shelving scheme Dewey Decimal Classification
Koha item type Books
Holdings
Source of classification or shelving scheme Damaged status Not for loan Home library Current library Shelving location Date of accession Total Checkouts Full call number Barcode Date last seen Copy number Koha item type
Dewey Decimal Classification     JCC Rouf Library JCC Rouf Library General Stacks 03/15/2018   820.9 SAI 1943 12462 03/15/2018 C-1 Books

JCC Library | Contacts | JCC Home

Last Update on 23 September 2017
Copyright @ 2017-2020 JCC Rouf Library
Rouf Library, Jhenidah Cadet College (JCC), Bangladesh